| 000 | 01083cam a2200301 4500 | ||
|---|---|---|---|
| 001 | M83481 | ||
| 008 | 090401t1997 xxu||||| |||| 00| 0 eng d | ||
| 035 | _a(Sirsi) u77862 | ||
| 041 | _aeng | ||
| 050 | _a690.3 | ||
| 100 | _aBaxendale, A.T. | ||
| 245 | _aTotal quality management in construction. | ||
| 260 |
_aAscot _bChartered Institute of Building _c1997 |
||
| 300 | _a8p. ; 30cm. | ||
| 350 | _a5 | ||
| 490 |
_aConstruction Papers _v71 |
||
| 520 | _aExamines the utilisation and problems experienced through the introduction of Total Quality Management, highlighting the areas in need of improvement. Additionally, this study provides an indication of how relevant the guidance in ISO 9000 (BS 7850) has been to those adopting TQM. | ||
| 650 | _aCONSTRUCTION INDUSTRY | ||
| 650 | _aISO 9000 | ||
| 650 | _aTOTAL QUALITY MANAGEMENT | ||
| 650 | _aTOTAL QUALITY MANAGEMENT | ||
| 690 | _aBUILT ENVIRONMENT | ||
| 700 | _aBurrell, I. | ||
| 700 |
_aHarlow, Peter _xEditor |
||
| 710 |
_aThe Chartered Institute of Building _92131 |
||
| 942 | _n0 | ||
| 948 | _c22/04/1997 | ||
| 999 |
_c96367 _d96367 |
||